Wordt geladen...
Fish Histology
| Andere auteurs: | |
|---|---|
| Formaat: | Printed Book |
| Gepubliceerd in: |
Excelic Press,
2019
|
| Onderwerpen: |
| LEADER | 00508nam a22001457a 4500 | ||
|---|---|---|---|
| 999 | |c 293305 |d 293305 | ||
| 020 | |a 9781642240955 | ||
| 082 | |a 571.5 | ||
| 245 | |a Fish Histology | ||
| 260 | |b Excelic Press, |c 2019 | ||
| 300 | |a ix, 328p | ||
| 650 | |a Tissue biology and regional physiology; Histology | ||
| 700 | |a Roques, Jonathan A C; Maghrabi, Omaimah, et al (Contri) | ||
| 942 | |c BK | ||
| 952 | |0 0 |1 0 |4 0 |6 571_500000000000000_ROQF |7 0 |8 REF |9 312159 |a AQU |b AQU |c REF |d 2020-06-25 |l 0 |o 571.5 ROQ-F |p AQU6113 |r 2020-06-25 |w 2020-06-25 |y BK | ||